书目信息 |
| 题名: |
现代中小学的领导工作
|
|
| 作者: | 别列兹尼扬克 著 ;陈家麟 译 | |
| 分册: | ||
| 出版信息: | 上海 华东师范大学出版社 1981 |
|
| 页数: | 195页 | |
| 开本: | 19cm | |
| 丛书名: | ||
| 单 册: | ||
| 中图分类: | G551.26 | |
| 科图分类: | ||
| 主题词: | 教育行政--中学--苏联--现代 , 教育行政--小学--苏联--现代 | |
| 电子资源: | ||
| ISBN: | ||
| 000 | 00787nam0 2200253 45 | |
| 001 | 0181007026 | |
| 005 | 20060911154802.51 | |
| 010 | @dCNY0.45 | |
| 091 | @aCN@b7135.038 | |
| 100 | @a19950406d1981 em y0chiy0121 ea | |
| 101 | 1 | @achi@crus |
| 102 | @aCN@b310000 | |
| 105 | @ay z 000yy | |
| 200 | 10 | @a现代中小学的领导工作@Axian dai zhong xiao xue de ling dao gong zuo@f(苏)Е.С.别列兹尼扬克E.C.著@g陈家麟译 |
| 210 | @a上海@c华东师范大学出版社@d1981 | |
| 215 | @a195页@d19cm | |
| 606 | @a教育行政@x中学@y苏联@z现代 | |
| 606 | @a教育行政@x小学@y苏联@z现代 | |
| 690 | @aG551.26@v3 | |
| 701 | 1 | @a别列兹尼扬克@Abie lie zi ni yang ke@bЕ.С.@4著 |
| 702 | 0 | @a陈家麟@Achen jia lin@4译 |
| 801 | 0 | @aCN@bTSSF@c20060911 |
| 801 | 2 | @aCN@bNLC@c20060818 |
| 905 | @a10447@dG551.26@e32 | |
| 现代中小学的领导工作/(苏)Е.С.别列兹尼扬克E.C.著/陈家麟译.-上海:华东师范大学出版社,1981 |
| 195页;19cm |
| ISBN :CNY0.45 |
| ● |
| 相关链接 |
|
|
|
|
正题名:现代中小学的领导工作
索取号:G551.26/32
 
预约/预借
| 序号 | 登录号 | 条形码 | 馆藏地/架位号 | 状态 | 备注 |
| 1 | 0454024 | 204540247 | 密集书库/ [索取号:G551.26/32] | 在馆 | |
| 2 | 0465032 | 204650323 | 密集书库/ [索取号:G551.26/32] | 在馆 | |
| 3 | 0469161 | 204691618 | 密集书库/ [索取号:G551.26/32] | 在馆 | |
| 4 | 0472040 | 204720409 | 密集书库/ [索取号:G551.26/32] | 在馆 |